| 000 | 01148nam a2200313 c 4500 | ||
|---|---|---|---|
| 003 | BLK | ||
| 005 | 20250517105433.0 | ||
| 008 | 180408b bul|||||r ||||||| ||bul|| | ||
| 010 | _aKNG00080291000 | ||
| 020 |
_a978-954-657-650-7 _bиздат.: ПАН |
||
| 040 | _aBLK | ||
| 041 |
_aBUL _cBUL |
||
| 080 |
_aБългарска литература _b821.163.2 _x-93-34 _z821.163.2-93-34 |
||
| 100 |
_aЕлин Пелин _qСтоянов, Димитър Иванов _9363511 |
||
| 700 | 1 |
_aКавалова, Ирина _eил. _9297646 |
|
| 139 |
_aЕлин Пелин _bЕ 53 |
||
| 245 | 1 | 0 |
_aТримата глупаци и други приказки _cЕлин Пелин; ил. Ирина Кавалова. |
| 257 | _aBGR | ||
| 260 |
_аСофия _bПАН _c2007 |
||
| 300 |
_a16 с. _bс цв. ил. _c29 см |
||
| 380 | _aDX | ||
| 490 | 1 | _aНай-хубавите български приказки | |
| 852 | _aЦб ІІ 14957 | ||
| 856 | 4 |
_qpdf _u |
|
| 856 | 4 |
_qpdf _u |
|
| 942 |
_cKNG _n0 _039 |
||
| 944 |
_aCR _c08.01.2008 _k30549 _lВася Ганчева |
||
| 944 |
_aED _c25.01.2017 _kВиолета_Тройчева |
||
| 999 |
_c75869 _d75869 |
||